Účtovanie miezd

Zúčtovanie miezd zamestnancov sa vykonáva na mzdových listoch alebo v inej evidencii podľa zákona o dani z príjmov, pričom sa musia dodržať zásady a pravidlá určené zákonom č. 431/2002 Z. z. o účtovníctve v znení neskorších predpisov. Účtovanie sociálneho fondu a účtovanie dotácií. Účtovanie rekreač...

Description complète

Enregistré dans:
Détails bibliographiques
Auteur principal: Bonek, Martin
Format: Chapitre de livre
Langue:slovaque
Sujets:
Tags: Ajouter un tag
Pas de tags, Soyez le premier à ajouter un tag!

MARC

LEADER 00000naa a2200000 4500
001 0280876
005 20240417075150.2
041 0 |a slo 
044 |a SK 
245 1 0 |a Účtovanie miezd  |c Martin Bonek 
520 |a Zúčtovanie miezd zamestnancov sa vykonáva na mzdových listoch alebo v inej evidencii podľa zákona o dani z príjmov, pričom sa musia dodržať zásady a pravidlá určené zákonom č. 431/2002 Z. z. o účtovníctve v znení neskorších predpisov. Účtovanie sociálneho fondu a účtovanie dotácií. Účtovanie rekreačných poukazov, stravovacích poukážok a kariet. 
610 2 0 |a mzdy 
610 2 0 |a účtovanie 
610 2 0 |a fond sociálny 
610 2 0 |a dotácie 
610 2 0 |a dane z príjmov 
610 2 0 |a zamestnanci 
610 2 0 |a zákony 
100 1 |a Bonek, Martin